000 00638nam a22001697a 4500
999 _c15071
_d15071
003 OSt
082 _2631.56 AMB/OS
088 _aP 126
100 _aAMBILY G. K
_aRAKHY VENUGOPAL
_aSHILPA M. ASOKAN
_92472
245 _aOsmotic dehydration of banana
260 _aTavanur 2002
_bKelappaji college of Agricultural Engineering and Technology
300 _a49
500 _aOsmotic dehydration of banana
520 _aOsmotic dehydration is a novel technique of pre - drying treatment of fruits and vegetables to reduce heat damage than in other traditional drying process.
700 _aDr. Santhi Mary Mathew (Guide)
_92145
942 _cPR